New Orleans Pelicans Roster Quiz - Statistics

General Stats
  • This quiz has been taken 9 times
  • The average score is 11 of 16
Answer Stats
Hint Answer % Correct
14 Brandon Ingram
100%
5 Herbert Jones
100%
17 Jonas Valanciunas
100%
1 Zion Williamson
100%
3 CJ McCollum
83%
11 Dyson Daniels
67%
10 Jaxson Hayes
67%
15 Jose Alvarado
67%
13 Kira Lewis Jr
67%
22 Larry Nance Jr
67%
25 Trey Murphy III
67%
4 Devonte Graham
50%
41 Garrett Temple
50%
8 Naji Marshall
50%
9 Willy Hernangomez
50%
0 Dereon Seabron
33%
No matching quizzes found
Score Distribution
Percent of People with Each Score
Percentile by Number Answered
Your Score History
You have not taken this quiz